| 000 | 00447nam a22001457a 4500 | ||
|---|---|---|---|
| 003 | PILC | ||
| 005 | 20160217154137.0 | ||
| 008 | 160217b xxu||||| |||| 00| 0 eng d | ||
| 050 |
_aHQ 767.3 _b.M464 1992 |
||
| 100 | _aMaximiano, Jose Mario B. | ||
| 245 |
_aHuman life is beautiful : _bthe catholic teaching on abortion / _cJose Mario B. Maximiano. |
||
| 260 |
_aMakati : _bST PAULS, _c1992. |
||
| 300 |
_a141 pages ; _c21 cm. |
||
| 942 |
_2lcc _cBK _kLOC |
||
| 999 |
_c291014 _d291014 |
||